| 000 | 00683nam a2200241 a 4500 | ||
|---|---|---|---|
| 999 |
_c11366 _d11366 |
||
| 001 | 11366 | ||
| 003 | BD-JhCC | ||
| 005 | 20190902120308.0 | ||
| 008 | 190902s2007 bg a|||| |||| 001 0 eng d | ||
| 020 | _a984300000965 | ||
| 035 | _a(BD-JhCC)11366 | ||
| 040 |
_aBD-JhCC _dBD-JhCC |
||
| 041 | _aeng | ||
| 082 |
_a954.92 _bSTA 2007 |
||
| 245 |
_aState and Culture / _cEdited by Emajuddin Ahamed and Harun-or-Rashid |
||
| 260 |
_aDhaka : _bAsiatic Society Bangladesh, _c2007 |
||
| 300 |
_axv, 634 p.: _bill. ; _c24 cm. |
||
| 490 | _aCultural Survey of Bangladesh series - 3 | ||
| 650 | _zBangladesh | ||
| 700 | _aAhamed, Emajuddin | ||
| 700 | _aHarun-or-Rashid | ||
| 942 |
_2ddc _cBK |
||